Marketing định hướng vào khách hàng

Trình bày tóm tắt những quan điểm về các biện pháp kỹ thuật nhằm nâng cao mức độ tập trung vào khách hàng trong quá trình quản trị Marketing. Xây dựng mục tiêu định hướng theo khách hàng phù hợp

Gespeichert in:
Bibliographische Detailangaben
1. Verfasser: Chaston, Ian
Weitere Verfasser: Vũ Trọng Hùng (Dịch và biên soạn), Phan Đình Quyền (Dịch và biên soạn)
Format: Buch
Sprache:Vietnamese
Veröffentlicht: Đồng Nai Nhà xuất bản Đồng Nai 1999
Schlagworte:
Tags: Tag hinzufügen
Keine Tags, Fügen Sie den ersten Tag hinzu!
Thư viện lưu trữ: Thư viện Trường Đại học Nam Cần Thơ
LEADER 01530aam a22002418a 4500
001 NCT_21981
008 160713s2016 ||||||viesd
999 |c 1040  |d 1040 
020 |c 28000 
082 0 4 |2 23rd ed.  |a 658.34  |b C489 
100 1 |a Chaston, Ian 
245 1 0 |a Marketing định hướng vào khách hàng  |c Ian Chaston; Vũ Trọng Hùng, Phan Đình Quyền (dịch và biên soạn) 
260 |a Đồng Nai  |b Nhà xuất bản Đồng Nai  |c 1999 
300 |a 344 tr.  |b 20 cm 
520 3 |a Trình bày tóm tắt những quan điểm về các biện pháp kỹ thuật nhằm nâng cao mức độ tập trung vào khách hàng trong quá trình quản trị Marketing. Xây dựng mục tiêu định hướng theo khách hàng phù hợp 
653 |a Quản trị kinh doanh 
700 1 |a  Vũ Trọng Hùng  |e Dịch và biên soạn 
700 1 |a Phan Đình Quyền  |e Dịch và biên soạn 
942 |2 ddc  |c BK 
952 |0 0  |1 0  |2 ddc  |4 0  |6 658_340000000000000_C489  |7 0  |9 11368  |a 000001  |b 000001  |d 2018-06-22  |l 1  |o 658.34 C489  |p MD.06825  |r 2020-11-26  |s 2020-11-23  |v 28000.00  |w 2018-06-22  |y BK 
952 |0 0  |1 0  |2 ddc  |4 0  |6 658_340000000000000_C489  |7 0  |9 11369  |a 000001  |b 000001  |d 2018-06-22  |o 658.34 C489  |p MD.06586  |r 2018-06-22  |v 28000.00  |w 2018-06-22  |y BK 
952 |0 0  |1 0  |2 ddc  |4 0  |6 658_340000000000000_C489  |7 0  |9 11370  |a 000001  |b 000001  |d 2018-06-22  |o 658.34 C489  |p MD.06587  |r 2018-06-22  |v 28000.00  |w 2018-06-22  |y BK 
980 |a Thư viện Trường Đại học Nam Cần Thơ